Statystyki dla Osiedka Wrocławia(Dla Geomexa)

Kliknij tutaj aby rozwiązać quiz!

Ogólne statystyki

  • Ten quiz został rozwiązany 16 razy
  • Średni wynik to 30 z 73

Statystyki odpowiedzi

Odpowiedź% Poprawnych
Gaj
77%
Karłowice
77%
Kowale
69%
Kozanów
69%
Krzyki
69%
Księże Małe
69%
Księże Wielkie
69%
Nowy Dwór
69%
Przedmieście Oławskie
69%
Stabłowice
69%
Stabłowice
69%
Tarnogaj
69%
Biskupin
62%
Klecina
62%
Ołtaszyn
62%
Partynice
62%
Popowice
62%
Poświętne
62%
Różanka
62%
Sępolno
62%
Strachocin
62%
Wojnów
62%
Wojszyce
62%
Grabiszynek
54%
Huby
54%
Oporów
54%
Pilczyce
54%
Pracze
54%
Psie Pole
54%
Szczepin
54%
Borek
46%
Kuźniki
46%
Ołbin
46%
Gajowice
38%
Jagodno
38%
Lipa Piotrowska
38%
Świniary
38%
Zakrzów
38%
Zakrzów
38%
Złotniki
38%
Brochów
31%
Gądów Mały
31%
Kleczków
31%
Muchobór Mały
31%
Muchobór Wielki
31%
Pawłowice
31%
Pawłowice
31%
Rędzin
31%
Sołtysowice
31%
Strachowice
31%
Szczytniki
31%
Zacisze
31%
Zalesie
31%
Bieńkowice
23%
Jarnołtów
23%
Jerzmanowo
23%
Kłokoczyce
23%
Kłokoczyce
23%
Marszowice
23%
Marszowice
23%
Polanowice
23%
Ratyń
23%
Żar
23%
Mokra
15%
Zgorzelisko
15%
Zgorzelisko
15%
Bierdzany
8%
Dąbie
8%
Rakowiec
8%
Świątniki
8%
Maślice Wielkie
0%
Odrzańskie
0%
Południe
0%

Rozkład punktacji

Percentyl według liczby udzielonych odpowiedzi

Procent ludzi z każdym wynikiem

Twoja historia wyników

Nie rozwiązałeś tego quizu